Paraguay (Registro nro. 3980)

Detalles MARC
000 -LEADER
fixed length control field 01499 a2200229 4500
001 - CONTROL NUMBER
control field 45670
005 - DATE AND TIME OF LATEST TRANSACTION
control field 20260407155728.0
008 - FIXED-LENGTH DATA ELEMENTS--GENERAL INFORMATION
fixed length control field 260407a2003 arg spa d
003 - CONTROL NUMBER IDENTIFIER
control field AR-UNSa-BCEJYS
040 ## - CATALOGING SOURCE
Original cataloging agency AR-UNSa-BCEJYS
Language of cataloging spa
Transcribing agency AR-UNSa-BCEJYS
080 ## - UNIVERSAL DECIMAL CLASSIFICATION NUMBER
Universal Decimal Classification number 331.5(892)
Common auxiliary subdivision Mercado de Trabajo. Empleo en Paraguay
020 ## - INTERNATIONAL STANDARD BOOK NUMBER
International Standard Book Number 92-2-314290-3
041 ## - LANGUAGE CODE
Language code of text/sound track or separate title spa
100 1# - MAIN ENTRY--PERSONAL NAME
Personal name Oficina Internacional del Trabajo
245 10 - TITLE STATEMENT
Title Paraguay
Name of part/section of a work Empleo y protección social. Desafíos institucionales para reducir la pobreza
264 #1 - PRODUCTION, PUBLICATION, DISTRIBUTION, MANUFACTURE, AND COPYRIGHT NOTICE
Place of production, publication, distribution, manufacture Santiago :
Name of producer, publisher, distributor, manufacturer OIT
Date of production, publication, distribution, manufacture, or copyright notice 2003
300 ## - PHYSICAL DESCRIPTION
Extent 384 p.
Dimensions 23 cm.
505 ## - FORMATTED CONTENTS NOTE
Formatted contents note 1. Mercado de trabajo, instituciones y pobreza: Interrelaciones y desafíos en Paraguay / Fabio Bertranou, Andrés Marinakis y Gerhard Reinecke - 2. Mercado laboral en el Paraguay / Jaime Gatica y Carlos Carrera - 3. El régimen de salarios mínimos / Mario Damill y Roberto Frenkel - 4. MIPYMES: Diagnóstico y políticas para su formalización/ Dionisio Borda - 5. Cobertura de la protección social en salud, jubilaciones y pensiones / Andrea Sánchez - 6. Análisis de las reformas propuestas al sistema de jubilaciones y pensiones /Rodolfo Saldain - 7. Evaluación actuarial y proyecciones 2000-2050 del régimen de jubilaciones y pensiones administrado por el Instituto de Previsión Social / Carlos Grushka y Debora Altieri.
590 ## - LOCAL NOTE (RLIN)
Local note niveau_biblio:m niveau_hierar:0
856 41 - ELECTRONIC LOCATION AND ACCESS
Uniform Resource Identifier <a href="https://www.biblioeco.unsa.edu.ar/pmb/images/libros/L127161.jpg">https://www.biblioeco.unsa.edu.ar/pmb/images/libros/L127161.jpg</a>
Link text Imagen de portada
Electronic format type image/jpeg
942 ## - ADDED ENTRY ELEMENTS (KOHA)
Koha item type
Existencias
Withdrawn status Lost status Damaged status Not for loan Home library Current library Shelving location Date acquired Total checkouts Full call number Barcode Date last seen Price effective from Koha item type
        Biblioteca Prof. Eusebio Cleto del Rey Biblioteca Prof. Eusebio Cleto del Rey   07/04/2026   331.5(892) O31 L127161 07/04/2026 07/04/2026 Libro